000 00680nam a2200205 a 4500
001 22728
003 CO-ViMGA
008 141112s2004 ck r 000 u spa d
020 _a8420641073
040 _aCO-ViMGA
_bspa
_cCO-ViMGA
082 0 4 _a864.5 O773e
100 1 _aOrtega Gasset José
_932415
245 1 0 _aEstudios sobre el amor
260 _aEspaña :
_bRevista de Occidente en alianza editorial
300 _a250p.
505 _aEstudios sobre el amor : el amor visionario, La elección en amor : amores suceivos, Otros ensayos y fines : para la historia del amor \
650 1 4 _aAMOR EN LA LITERATURA
_969
650 1 4 _aLITERATURA ESPAÑOLA
_9489
942 _2ddc
_cBK
999 _c31026
_d31026